LEADER 01212nam a2200253 a 4500 001 000000139414 003 CaOOAMICUS 005 20140723141525.0 008 140723s1968 it u000 u ita r 040 $aPUL$bita 100 1 $aBausola, Adriano,$d1930-2000.$0(OLS)http://pul/name/666 245 10$aConoscenza e moralità in Franz Brentano /$cAdriano Bausola. 260 $aMilano :$bVita e pensiero,$c1968. 300 $aVII, 218 p. ;$c24 cm 490 1 $aPubblicazioni della Università cattolica del Sacro Cuore., Contributi.$aSerie 3, Scienze filosofiche ;$v13 504 $aBibliografia in nota. 600 14$aBrentano, Franz Clemens,$d1838-1917$xFilosofia.$0(OLS)http://pul/subject/24124 830 0$aPubblicazioni della Università cattolica del Sacro Cuore.$pContributi.$nSerie 3,$pScienze filosofiche ;$v13.$0(OLS)http://pul/title/3789 850 $aPUL 852 $aPUL$W1$xDP2 Diritto Canonico 1$y64$m167 D 20.9.13$j161046$qStampati$B160495$CPULBib$Z2$F160495 $H31130 $82 941 1 $a8 996 $6245$aConoscenza e moralità in Franz Brentano$9(OLS)http://pul/title/176493 996 $6260$aMilano :$bVita e pensiero$9(OLS)http://pul/publisher/48016 LEADER 02141nam a2200397 u 4500 001 000000073462 003 CaOOAMICUS 005 20070226122344.0 008 020709s2000 it u000 u eng u 035 $a10936144 040 $aPUL(R)$bita 100 1 $aFernandes, Stephen.$0(OLS)http://pul/name/48658 245 10$aJustice as Participation in John Rawls and in the Social Teaching of Pope John Paul II /$cStephen Fernandes. 260 $aRomae :$b[s.n.],$c2000. 300 $aviii, 150 p. ;$c24 cm 500 $aIn testa al front.: "Pontificia Universitas Lateranensis. Academia Alfonsiana. Institutum Superius Theologiae Moralis". 500 $aIn calce al front.: "Pars dissertatio [sic] ad doctoratum in Theologia morali consequendum" 502 $aDiss. (Doct.) -- Roma, Pontificia Universitas Lateranensis, Academia Alfonsiana, 2000. 504 $a"Selected bibliography": p. 85-141. 600 14$aRawls, John,$d1922-2002.$0(OLS)http://pul/subject/18322 610 24$aPapi (1978-2005 : Iohannes Paulus PP. II).$0(OLS)http://pul/subject/14909 650 4$aGiustizia.$0(OLS)http://pul/subject/5671 650 4$aDottrina sociale della Chiesa.$0(OLS)http://pul/subject/33229 710 2 $aAccademia Alfonsiana. Istituto superiore di Teologia morale.$kTesi.$0(OLS)http://pul/name/81838 850 $aPUL 852 $aPUL$W1$xDP1 Tesi Acc. Alfonsiana$y28$mTH ALF 484$j94926$nBK-PRI$b $qTesi$B94926$CPULBib$Z2$F94926 $H $81 910 $aPontificia Università Lateranense. $bAccademia Alfonsiana$981838 910 $aIstituto superiore di Teologia morale. Accademia Alfonsiana$981838 910 $aAcademia Alfonsiana. Institutum superius theologiae moralis$981838 941 1 $a16 960 $aIohannes Paulus PP.$bII,$cs.,$d1920-2005$914909 960 $aIohannes Paulus PP.$bII,$cs.,$d1920-2005$914909 960 $aDottrina sociale cristiana$933229 961 $aINV: 84462 996 $6245$aJustice as Participation in John Rawls and in the Social Teaching of Pope John Paul II$9(OLS)http://pul/title/96521 996 $6260$aRomae :$b[s.n.]$9(OLS)http://pul/publisher/48223